Districts of South Western Afghanistan With a Map - Statistics

General Stats
  • This quiz has been taken 12 times
  • The average score is 5 of 59
Answers on the Map
Answers color-coded by a green-red scale on the quiz's map according to % correct below.
 
Answer Stats
Province District % Correct
Kandahar Kandahar
83%
Nimruz Zaranj
33%
Helmand Baghran
17%
Nimruz Chahar Burjak
17%
Nimruz Chakhansur
17%
Kandahar Daman
17%
Helmand Dishu
17%
Helmand Garmsir
17%
Daykundi Gizab
17%
Helmand Kajaki
17%
Zabul Kakar
17%
Nimruz Kang
17%
Helmand Khanashin
17%
Nimruz Khash Rod
17%
Helmand Lashkargah
17%
Kandahar Maruf
17%
Helmand Musa Qala
17%
Helmand Nadi Ali
17%
Helmand Nahri Saraj
17%
Helmand Nawa-i-Barakzayi
17%
Helmand Nawzad
17%
Kandahar Reg
17%
Helmand Sangin
17%
Kandahar Shurabak
17%
Kandahar Spin Boldak
17%
Helmand Washir
17%
Zabul Argahandab
0%
Kandahar Arghandab
0%
Kandahar Arghistan
0%
Zabul Atghar
0%
Uruzgan Chora
0%
Uruzgan Deh Rahwod
0%
Zabul Dey Chopan
0%
Kandahar Ghorak
0%
Daykundi Ishtarlay
0%
Daykundi Kajran
0%
Daykundi Khadir
0%
Kandahar Khakrez
0%
Uruzgan Khas Uruzgan
0%
Daykundi Kiti
0%
Kandahar Maywand
0%
Daykundi Miramor
0%
Kandahar Miyanishin
0%
Zabul Mizan
0%
Zabul Naw Bahar
0%
Kandahar Nesh
0%
Daykundi Nili
0%
Kandahar Panjwayi
0%
Zabul Qalat
0%
Daykundi Sangi Takht
0%
Uruzgan Shahidi Hassas
0%
Zabul Shahjoy
0%
Daykundi Shahristan
0%
Kandahar Shah Wali Kot
0%
Zabul Shamulzayi
0%
Zabul Shinkay
0%
Uruzgan Tarinkot
0%
Zabul Tarnak Aw Jaldak
0%
Kandahar Zhari
0%
No matching quizzes found
Score Distribution
Percent of People with Each Score
Percentile by Number Answered
Your Score History
You have not taken this quiz